Responses for Show #6701 - Monday, November 4, 2013

Contestants

[<< previous game]

Woody Houchin, a medical assistant from Chico, California

Ramsin Toma, an enrollment consultant from Ashburn, Virginia

Norah McKissic, an embroiderer and student from Anchorage, Alaska (whose 1-day cash winnings total $11,400)

[next game >>]

Jeopardy! Round responses

ST. PAUL'S CATHEDRAL
THE WORLD SERIES
SINGING
FLORA! FLORA! FLORA!
NUMERICAL GROUPS
"OU" 5-LETTER WORDS
    $200 1
Princess Diana

Norah
    $200 18
the Chicago White Sox

Ramsin
    $200 25
yodelling

Woody
    $200 6
the Venus Flytrap

Woody
    $200 16
the Fantastic Four

Ramsin
    $200 11
"a pound"

Woody
    $400 2
Christopher Wren

Norah
    $400 19
Casey Stengel

Triple Stumper
    $400 26
falsetto

Norah
    $400 7
horse

Woody
    $400 17
composers

Triple Stumper
    $400 12
scour

Norah
    $600 3
(Ramsin: What is Blitzkreig?)

Blitz

Ramsin
Triple Stumper
    $600 20
Willie Mays

Ramsin
    $600 8
moss

Woody
    $600 22
the Gang of Four

Triple Stumper
    $600 13
ghoul

Ramsin
    $800 4
Queen Victoria

Norah
    $800 21
the Boston Red Sox

Norah
    $800 9
the bird of paradise

Triple Stumper
    $800 23
(Alex: Yes, with less than a minute to go.)

the G-8

Woody
    $800 14
trout

Woody
    $1,400 5
(Norah: [Laughing ] I want to make it a True Daily Double.)
(Alex: Why is that so funny?)
(Norah: Because it could be bad.)
(Alex: Oh. Well, let's hope it's good.)

Martin Luther King, Jr.

Norah
    $1000 27
[The end-of-round signal sounds.]

a shanty

Norah
    $1000 10
spores

Woody
    $1000 24
the "Nine Old Men"

Triple Stumper
    $1000 15
doula

Triple Stumper

Scores at the first commercial break (after clue 14):

Norah Ramsin Woody
$3,200 $0 $3,200

Scores at the end of the Jeopardy! Round:

Norah Ramsin Woody
$5,400 $1,000 $4,200

Double Jeopardy! Round responses

PUP FICTION
THE THESPIAN DIRECTS
"C" THE WORLD
LAMPS & LIGHTS
PRECIOUS PHRASES
THIRD PARTY PRESIDENTIAL CANDIDATES
    $400 22
101 Dalmatians

Norah
    $400 17
Fiennes

Woody
    $400 2
the Cayman Islands

Triple Stumper
    $400 12
hazard

Norah
    $400 7
a silver platter

Woody
    $400 1
Theodore Roosevelt

Norah
    $800 23
Lassie

Woody
    $800 18
Ron Howard

Ramsin
    $800 3
Croatia

Woody
    $800 13
the footlights

Triple Stumper
    $800 8
a diamond

Woody
    $1200 24
(Alex: A minute to go now, Woody.)

Sholom Aleichem

Triple Stumper
    $1200 19
Penny Marshall

Triple Stumper
    $1200 4
Cote d'Ivoire

Woody
    $1200 14
a fluorescent light

Norah
    $1200 9
rubies

Triple Stumper
    $700 29
[The end-of-round signal sounds.]

Eugene Debs

Woody
    $1600 25
Old Yeller

Ramsin
    $1600 20
Sylvester Stallone

Ramsin
    $2,000 5
(Woody: What is China?)

the Caspian Sea

Woody
    $1600 15
a lighthouse

Woody
    $1600 10
amber

Woody
    $1600 28
Dr. Benjamin Spock

Woody
    $2000 26
(Norah: What is the Iliad?)

the Odyssey

NorahRamsin
    $2000 21
(Norah: Who is Kenneth Brannagh?)

Jon Favreau

NorahWoody
    $2000 6
Cartagena

Triple Stumper
    $2000 16
an arc lamp

Norah
    $2000 11
a heart of gold

Triple Stumper
    $2000 27
Dick Gregory

Triple Stumper

Scores at the end of the Double Jeopardy! Round:

Norah Ramsin Woody
$5,800 $7,000 $14,100
(lock game)

[wagering suggestions for these scores]

Final Jeopardy! Round responses

FOOD & DRINK
(Alex: Pepsin and the kola nut.)
NorahWhat is Coca-Cola?
$5,700
RamsinWhat is Pepsi?
$5,011
WoodyWhat is Pepsi?
$0
Pepsi-Cola

Final scores:

Norah Ramsin Woody
$100 $12,011 $14,100
3rd place: $1,000 2nd place: $2,000 New champion: $14,100

Game dynamics:

Coryat scores:

Norah Ramsin Woody
$5,400 $7,000 $16,600
13 R
(including 1 DD),
2 W
8 R,
1 W
19 R
(including 1 DD),
1 W
(including 1 DD)

Combined Coryat: $29,000

[game clues] [game scores] [suggest correction]

Game tape date: 2013-09-17
The J! Archive is created by fans, for fans. Scraping, republication, monetization, and malicious use prohibited; this site may use cookies and collect identifying information. See terms. The Jeopardy! game show and all elements thereof, including but not limited to copyright and trademark thereto, are the property of Jeopardy Productions, Inc. and are protected under law. This website is not affiliated with, sponsored by, or operated by Jeopardy Productions, Inc. Join the discussion at JBoard.tv.